| 000 | 00463cam a2200181ua 4500 | ||
|---|---|---|---|
| 020 | _cRs.60.00 | ||
| 041 |
_aeng _h |
||
| 082 |
_a621.4021 _bEAS/AP |
||
| 100 | _aEastop, T.D. | ||
| 245 |
_aApplied thermodynamics for engineering technologists / _cT.D Eastop. _hTextual Documents |
||
| 260 |
_aLondon : _bLongman , _c1967. |
||
| 300 | _a738 ; . | ||
| 365 | _aRs.60.00 | ||
| 504 | _a | ||
| 700 | 1 | _aMc Conkey, A. | |
| 942 | _cBK | ||
| 999 |
_c1428 _d1428 |
||